UBT Library

Sightsinging complete / (Record no. 45103)

000 -LEADER
fixed length control field 00502ncm a2200205 a 4500
001 - CONTROL NUMBER
control field 5620426
005 - DATE AND TIME OF LATEST TRANSACTION
control field 20180315054020.0
008 - FIXED-LENGTH DATA ELEMENTS--GENERAL INFORMATION
fixed length control field 920616s1991 iaustz h n
010 ## - LIBRARY OF CONGRESS CONTROL NUMBER
LC control number 90055467
020 ## - INTERNATIONAL STANDARD BOOK NUMBER
International Standard Book Number 069705845X
040 ## - CATALOGING SOURCE
Original cataloging agency DLC
Transcribing agency DLC
Modifying agency DLC
041 ## - LANGUAGE CODE
Language code of text/sound track or separate title eng
080 ## - UNIVERSAL DECIMAL CLASSIFICATION NUMBER
Universal Decimal Classification number 78 BEN
082 ## - DEWEY DECIMAL CLASSIFICATION NUMBER
Classification number 78 BEN
100 1# - Rafti
Rafti 45
101 ## - Shkurtesa
Shkurtesa MUZ
245 10 - TITLE STATEMENT
Title Sightsinging complete /
Statement of responsibility, etc Bruce Benward, Maureen A. Carr.
906 ## - LOCAL DATA ELEMENT F, LDF (RLIN)
a 7
b cbc
c orignew
d 3
e ncip
f 19
g y-genmusic
942 ## - ADDED ENTRY ELEMENTS (KOHA)
Source of classification or shelving scheme
Item type Books
Holdings
Withdrawn status Lost status Source of classification or shelving scheme Damaged status Not for loan Collection code Permanent location Current location Shelving location Date acquired Total Checkouts Full call number Barcode Date last seen Price effective from Koha item type
          Koleksioni i përgjithshem UBT - Lipjan UBT - Lipjan Koleksioni i përgjithshem 03/15/2018   78 BEN 002-3001882 03/15/2018 03/15/2018 Books
UBT Library © 2015-2024. All rights reserved University Education for Business and Technology